Sports Quiz

Random Sports or Football Quiz

Yeovil Town Loan Players Quiz Stats

 Plays Quiz not verified by Sporcle

Challenge
Share
Tweet
Embed
Score 0/198 Timer 15:00
0 Plays Today
Season Player % Correct
2009/10Jonathan Obika
75%
2008/09Jonathan Obika
75%
2017/18Sam Surridge
74.7%
2010/11Jonathan Obika
72.4%
2017/18Olufela Olomola
69.9%
2017/18Keston Davies
69.9%
2017/18Sid Nelson
69.9%
2009/10Gavin Williams
69.8%
2010/11Gavin Williams
69.8%
2017/18Lewis Wing
69.7%
2017/18Ryan Seager
69.4%
2017/18Jared Bird
65.8%
2015/16Liam Walsh
64.3%
2011/12Jonthan Obika
64.3%
2009/10Steven Caulker
64.1%
2013/14Andy Williams
63.9%
2015/16Connor Roberts
63.6%
2008/09Andros Townsend
63.1%
2009/10Shaun MacDonald
62.2%
2010/11Shaun MacDonald
62.2%
2008/09Shaun MacDonald
62.2%
2010/11Oli Johnson
62.2%
2017/18Corey Whelan
61.8%
2016/17Tahvon Campbell
61.7%
2015/16Tahvon Campbell
61.4%
2016/17Owain Jones
60.7%
2010/11Shaun MacDonald
59.4%
2009/10Owain Tudur-Jones
58.7%
2010/11Owain Tudur-Jones
58.7%
2009/10Ryan Mason
58.5%
2017/18Marcus Barnes
57.9%
2009/10Luke Ayling
57.8%
2013/14Shane Duffy
57.3%
2007/08Ritchie Jones
56.3%
2016/17Jean-Louis Akpa Akpro
56.1%
2013/14Wayne Hennessey
55.9%
2012/13Paddy Madden
55.9%
2011/12Oli Johnson
55.2%
2012/13Dan Burn
54.9%
2010/11Max Ehmer
54.4%
2010/11Stephen Henderson
54.3%
2009/10Arron Davies
53.9%
2010/11Cameron Stewart
53.5%
2015/16Liam Shephard
53.3%
2016/17Liam Shephard
53.3%
2008/09Asmir Begovic
53.1%
2007/08Asmir Begovic
53.1%
2014/15Liam Shephard
53%
2017/18Matt Worthington
53%
2009/10Craig Davies
53%
2013/14Ishmael Miller
52.4%
2009/10Scott Davies
52.4%
2008/09Chris Weale
51.5%
2006/07Marcus Stewart
51.3%
2011/12Joe Edwards
51.2%
2012/13Korey Smith
50.8%
2018/19Olufela Olomola
50%
2010/11Luke Freeman
49.8%
2005/06Chris Cohen
49.8%
2013/14Tom Lawrence
49.4%
2014/15Byron Webster
49.4%
2011/12Conor Clifford
49.1%
2010/11Stephen Henderson
48.1%
2012/13Joe Edwards
48.1%
2013/14Joe Ralls
48%
2011/12Max Ehmer
48%
Season Player % Correct
2016/17Shayon Harrison
47.7%
2012/13Daniel Johnson
47.1%
2009/10Alex McCarthy
47%
2011/12Jed Steer
46.7%
2016/17Matt Butcher
46.7%
2013/14Ishamel Miller
46.3%
2006/07Leon Best
46.3%
2007/08Darren Way
45.4%
2011/12Marek Štěch
45%
2015/16Harry Cornick
45%
2015/16Brandon Goodship
45%
2014/15Jed Steer
44.5%
2013/14Michael Ngoo
44.5%
2015/16Harry Cornick
43.3%
2012/13Matthew Dolan
43.1%
2003/04Jermaine Johnson
42.9%
2012/13Matthew Dolan
42.3%
2016/17Ryan Hedges
41.7%
2014/15Josh Sheehan
41.5%
2010/11Andrew Tutte
41.3%
2013/14Sam Johnstone
41%
2010/11Paul Wotton
40.9%
2016/17Ben Whitfield
40.8%
2011/12Sam Walker
40.5%
2015/16Stephen Arthurworrey
40%
2014/15Stephen Arthurworrey
39.6%
2014/15Stephen Kingsley
39.6%
2015/16Josh Sheehan
39.3%
2016/17Jack Storer
39.3%
2011/12Rene Gilmartin
38.9%
2008/09Gary Roberts
38%
2005/06Liam Fontaine
38%
2004/05Liam Fontaine
38%
2011/12Jonathan Grounds
37.9%
2015/16George Thomas
37.9%
2013/14Adam Morgan
37.2%
2007/08Lee Peltier
36.9%
2013/14Duane Holmes
36.6%
2014/15Jack Price
36.6%
2011/12Gavin Massey
36.5%
2016/17Kabongo Tshimanga
36.4%
2012/13Rohan Ince
36.4%
2014/15Tom Eaves
36%
2011/12Darren Purse
35.9%
2011/12Jonathan Franks
35.9%
2013/14Alan Tate
35.2%
2013/14Fraser Fyvie
35.2%
2013/14Liam Fontaine
34.8%
2014/15Jordy Hiwula
34.1%
2013/14Billy Clifford
33.5%
2013/14John Lundstram
32.9%
2015/16Jake Howells
32.9%
2010/11John Sullivan
31.3%
2006/07Nicky Law
30.7%
2011/12Dean Parrett
30.4%
2015/16Christian Maghoma
30%
2014/15Ben Nugent
29.9%
2011/12Ryan Dickson
29.7%
2007/08James Walker
29.4%
2012/13Gozie Ugwu
29.4%
2015/16Josh Wakefield
28.6%
2010/11Ivan Sproule
28.5%
2012/13Kwesi Appiah
28.1%
2014/15Jamar Loza
28%
2011/12Lawson D'Ath
27.9%
2007/08Simon Church
27.8%
Season Player % Correct
2004/05Rory Fallon
27.2%
2007/08Zoltan Stieber
27%
2014/15Scott Loach
26.8%
2008/09Danny Hutchins
26.7%
2008/09Jonathan Worthington
25.9%
2011/12Josh Morris
25.7%
2012/13Angelo Balanta
25.6%
2010/11Antonio German
25.2%
2010/11Adam Phillip
25%
2014/15Ryan Inniss
25%
2018/19Nathan Baxter
25%
2003/04Dani Rodrigues
24.6%
2010/11Tom Parkes
24.1%
2005/06Marc Wilson
24.1%
2012/13Archange Nkumu
24.1%
2012/13Vitālijs Maksimenko
23.8%
2012/13Wes Fletcher
23.7%
2007/08Jaime Peters
22.6%
2008/09David Noble
21.9%
2007/08Liam Bridcutt
21.9%
2013/14Stuart Taylor
20.7%
2014/15Jake Kean
20.7%
2010/11Rob Kiernan
20.2%
2006/07Kevin James
20.2%
2008/09Gareth Owen
20%
2006/07Martin Cranie
19.6%
2014/15Jordan Clarke
19.5%
2007/08Martin Woods
19.1%
2008/09Luke Rodgers
18.5%
2006/07Adam Rooney
18.1%
2007/08Simon Gillett
18%
2007/08Romain Larrieu
18%
2008/09Scott Rendell
17.8%
2007/08Aidan Downes
17.6%
2003/04Ronnie Bull
17%
2008/09Gifton Noel-Williams
16.5%
2007/08Kevin Betsy
16.5%
2013/14Zoumana Bakayogo
16.5%
2008/09Alexsandar Prijovic
16.3%
2003/04Andy Bishop
16.1%
2008/09Lee Cox
15.6%
2004/05Kevin Amankwaah
15%
2006/07Peter Sweeney
14.8%
2004/05David Woozley
14.6%
2006/07Martin Brittain
14.3%
2006/07Darryl Knights
14.1%
2006/07Kevin Cooper
13.5%
2007/08Scott Flinders
13.3%
2007/08Scott Spencer
12.8%
2005/06Craig Rocastle
12.8%
2012/13Jordan Cook
12.8%
2008/09Danny Maguire
12.4%
2012/13Dale Bennett
11.9%
2008/09James Dayton
11.5%
2005/06Tommy Doherty
11.3%
2005/06Michael Jordan
10.9%
2007/08Jean-Francois Christophe
9.8%
2005/06Sam Alsop
8.7%
2003/04Ryan Northmore
8.5%
2003/04Lee Elam
8%
2003/04Lee Matthews
4.9%
2018/19Diallang Jaiyesimi
0%
2018/19Reece Cole
0%
2018/19Alex Pattison
0%
2018/19Omari Patrick
0%
2018/19Enes Mahmutovic
0%

You're not logged in!

Compare scores with friends on all Sporcle quizzes.
OR
Log In

You Might Also Like...

Show Comments

Extras

Top Quizzes Today


Score Distribution

Your Account Isn't Verified!

In order to create a playlist on Sporcle, you need to verify the email address you used during registration. Go to your Sporcle Settings to finish the process.

Report this User

Report this user for behavior that violates our Community Guidelines.

Details: